The Mother Conversations 1929-1931/ (Record no. 192161)

MARC details
000 -LEADER
fixed length control field 00472nam a22001697a 4500
005 - DATE AND TIME OF LATEST TRANSACTION
control field 20220913104117.0
010 ## - LCCN (DPL NO)
LC control number ENG-135041
020 ## - INTERNATIONAL STANDARD BOOK NUMBER
International Standard Book Number 9788170580347
Terms of availability 105.00
035 ## - SYSTEM CONTROL NUMBER
System control number EN-118573
037 ## - SOURCE OF ACQUISITION
Source of stock number/acquisition DBAD/PUB
082 ## - DEWEY DECIMAL CLASSIFICATION NUMBER
Classification number 181.499
245 ## - TITLE STATEMENT
Title The Mother Conversations 1929-1931/
260 ## - PUBLICATION, DISTRIBUTION, ETC. (IMPRINT)
Name of publisher, distributor, etc Sri Aurobindo Ashram Publication Department
Date of publication, distribution, etc 2013
270 ## - ADDRESS
City Pondicherry
Postal code 605002
300 ## - PHYSICAL DESCRIPTION
Extent 217p.
Dimensions 19cm(pbk)
942 ## - ADDED ENTRY ELEMENTS (KOHA)
Source of classification or shelving scheme Dewey Decimal Classification
Item type English Books
Classification part 181.499
Call number suffix MOT
Holdings
Withdrawn status Lost status Not for loan Collection code Home library Current library Date acquired Source of acquisition Cost, normal purchase price Full call number Barcode Copy number Cost, replacement price Koha item type
      Non-fiction Shahdara Branch Shahdara Branch 13/09/2022 DBAD/PUB 105.00 181.499 MOT EN-118573 1 105.00 English Books

© Delhi Public Library
Hit Counter
free hit counter